Kumpulan puisi : sekuntum bunga dari syurga

Bibliographic Details
Main Author: Dahlia J , 1979-
Format: Book
Published: Kuala Lumpur : Institut Terjemahan & Buku Malaysia Berhad , 2017
Subjects:

MARC

LEADER 00000cam a2200000 7i4500
001 0000083692
005 20190722.0
008 190603
020 |a 9789674605803 
041 0 |a Malay 
090 0 0 |a 899.231   |b DAH 
100 0 |a Dahlia J ,   |d 1979- 
245 1 0 |a Kumpulan puisi :   |b sekuntum bunga dari syurga   |c Dahlia J 
260 |a Kuala Lumpur :   |b Institut Terjemahan & Buku Malaysia Berhad ,   |c 2017 
300 |a 106p. ;   |c 18.1cm. 
541 0 0 |c Purchased on 2019   |f 51/2019 DIAN   |h RM20.00 
650 0 |a Malay poetry 
999 |a 0001575898   |b Book   |c Adult Collection   |e Perbadanan Perpustakaan Awam Johor 
999 |a 0001575899   |b Book   |c Adult Collection   |e Perbadanan Perpustakaan Awam Johor 
999 |a 0001575900   |b Book   |c Adult Collection   |e Cawangan Urban Transformation Centre 
999 |a 0001575901   |b Book   |c Adult Collection   |e Cawangan AEON Kulaijaya 
999 |a 0001579140   |b Book   |c Adult Collection   |e Cawangan Segamat 
999 |a 0001579141   |b Book   |c Adult Collection   |e Cawangan Batu Pahat 
999 |a 0001579142   |b Book   |c Adult Collection   |e Cawangan Mersing 
999 |a 0001579143   |b Book   |c Adult Collection   |e Cawangan Tmn. Ungku Tun Aminah 
999 |a 0001579144   |b Book   |c Adult Collection   |e Cawangan Muar 
999 |a 0001579145   |b Book   |c Adult Collection   |e Cawangan Kota Tinggi 
999 |a 0001579146   |b Book   |c Adult Collection   |e Cawangan Sri Merlong 
999 |a 0001579147   |b Book   |c Adult Collection   |e Cawangan Taman Sri Lambak 
999 |a 0001579148   |b Book   |c Adult Collection   |e Cawangan Pontian 
999 |a 0001579149   |b Book   |c Adult Collection   |e Cawangan Bukit Gambir 
999 |a 0001579150   |b Book   |c Adult Collection   |e Cawangan Bandar Tenggara 
999 |a 0001579151   |b Book   |c Adult Collection   |e Cawangan Sri Merlong 
999 |a 0001579152   |b Book   |c Adult Collection   |e Cawangan Tangkak